| 000 | 00000nam 2200000za 4500 |
| 001 | 9.832038 |
| 003 | CaOODSP |
| 005 | 20221107145905 |
| 007 | cr ||||||||||| |
| 008 | 170209s2017 onc o f000 0 fre d |
| 040 | |aCaOODSP|bfre |
| 043 | |an-cn--- |
| 086 | 1 |aF2-255/2017F-PDF |
| 245 | 00|aLibérer l'innovation pour stimuler la mise à l'échelle et la croissance |h[ressource électronique]. |
| 260 | |a[Ottawa] : |bConseil consultatif en matière de croissance économique, |c2017. |
| 300 | |a44 p. |
| 500 | |aPublié aussi en anglais sous le titre : Unlocking innovation to drive scale and growth. |
| 500 | |a« Le 6 février 2017. » |
| 504 | |aComprend des réf. bibliogr. |
| 692 | 07|2gccst|aDéveloppement économique |
| 692 | 07|2gccst|aInnovation |
| 710 | 1 |aCanada. |bMinistère des finances. |
| 710 | 1 |aCanada.|bConseil consultatif en matière de croissance économique. |
| 775 | 08|tUnlocking innovation to drive scale and growth |w(CaOODSP)9.832037 |
| 856 | 40|qPDF|s688 Ko|uhttps://publications.gc.ca/collections/collection_2017/fin/F2-255-2017-fra.pdf |